Normal view
MARC view
- Koehler, Benedikt.
Entry Personal Name
001 - CONTROL NUMBER
- control field: 10524
003 - CONTROL NUMBER IDENTIFIER
- control field: NUST
005 - DATE AND TIME OF LATEST TRANSACTION
- control field: 20180526055156.0
008 - FIXED-LENGTH DATA ELEMENTS
- fixed length control field: 180526|| aca||aabn | a|a d
040 ## - CATALOGING SOURCE
- Original cataloging agency: NUST
- Transcribing agency: NUST
100 ## - HEADING--PERSONAL NAME
- Personal name: Koehler, Benedikt.
670 ## - SOURCE DATA FOUND
- Source citation: Work cat.: (NUST)0: Koehler, Benedikt., Early Islam and the birth of capitalism /
